000 00524 a2200157 4500
999 _c29499
_d29499
003 NUST
005 20180118140619.0
008 180118b xxu||||| |||| 00| 0 eng d
020 _a0521831946
020 _a9780521831949
082 0 4 _a530.12
100 1 _aAdler, Stephen L.
_98794
245 1 0 _aQuantum theory as an emergent phenomenon :
_bthe statistical mechanics of matrix models as the precursor of quantum field theory /
_cStephen L. Adler.
260 _a[S.l.] :
_bCambridge University Press,
_c2004.
300 _a238 p. ;
_c25 cm.
700 _aAdler, Stephen L.
_98794
942 _aSNS
_cBK
_k530.12 ADL
_2ddc